दो रुपये और दो मुठ्ठी चावल/ (Record no. 201661)
[ view plain ]
| 000 -LEADER | |
|---|---|
| fixed length control field | 00831nam a22001937a 4500 |
| 005 - DATE AND TIME OF LATEST TRANSACTION | |
| control field | 20240320163229.0 |
| 010 ## - LCCN (DPL NO) | |
| LC control number | HIN-127154 |
| 020 ## - INTERNATIONAL STANDARD BOOK NUMBER | |
| International Standard Book Number | 9789391599249 |
| Terms of availability | 500.00 |
| 035 ## - SYSTEM CONTROL NUMBER | |
| System control number | HN-99500 |
| 037 ## - SOURCE OF ACQUISITION | |
| Source of stock number/acquisition | DBAD/PUB. |
| 082 ## - DEWEY DECIMAL CLASSIFICATION NUMBER | |
| Classification number | 362.5 |
| 100 ## - MAIN ENTRY--PERSONAL NAME | |
| Personal name | यादव,अरविन्द |
| 245 ## - TITLE STATEMENT | |
| Title | दो रुपये और दो मुठ्ठी चावल/ |
| Statement of responsibility, etc | अरविन्द यादव |
| 260 ## - PUBLICATION, DISTRIBUTION, ETC. (IMPRINT) | |
| Place of publication, distribution, etc | दिल्ली |
| Name of publisher, distributor, etc | वैल्यू पब्लिकेशन्स |
| Date of publication, distribution, etc | 2021 |
| 270 ## - ADDRESS | |
| Address | बी-7 सरस्वती काम्प्लेक्स सुभाष चौक लक्ष्मी नगर |
| City | दिल्ली |
| Postal code | 110092 |
| 300 ## - PHYSICAL DESCRIPTION | |
| Extent | 152 पृ; |
| Dimensions | 23 सेमी (सजिल्द) |
| 700 ## - ADDED ENTRY--PERSONAL NAME | |
| 9 (RLIN) | 63631 |
| 942 ## - ADDED ENTRY ELEMENTS (KOHA) | |
| Institution code [OBSOLETE] | dpl |
| Item type | Hindi Books |
| Source of classification or shelving scheme | Dewey Decimal Classification |
| Classification part | 362.5 |
| Call number suffix | यादव |
| Withdrawn status | Lost status | Not for loan | Collection code | Home library | Current library | Date acquired | Source of acquisition | Cost, normal purchase price | Full call number | Barcode | Copy number | Cost, replacement price | Koha item type |
|---|---|---|---|---|---|---|---|---|---|---|---|---|---|
| Non-fiction | Peshwa Road | Peshwa Road | 20/03/2024 | DBAD/PUB | 500.00 | 362.5 यादव | HN-99500 | 1 | 500.00 | Hindi Books |
